000 00658nam a2200229Ia 4500
003 OSt
005 20220923213410.0
006 a|||||r|||| 00| 0
007 ta
008 220922b |||||||| |||| 00| 0 hin d
024 _a161,481
037 _cTextual
040 _aARTS
_cARTS
_bhin
041 _2hin
_ahin
082 _aO152:2M97:11, J8
100 _aमिश्र, लक्ष्मीनारायण
245 0 _aमृत्युंजय
246 _aMṛutyuanjaya
260 _c1958
942 _hO152:2M97:11, J8
_cTEXL
_2CC
999 _c316152
_d316152